Dopad nových progresívnych technológií na podnikateľské modely v medzinárodnej logistike bakalárska práca

Enregistré dans:
Détails bibliographiques
Auteur principal: Hromkovič, Eduard
Collectivité auteur: Obchodná fakulta EU. Katedra medzinárodného obchodu
Autres auteurs: Minárik, Marek
Format: Livre
Langue:slovaque
Publié: Bratislava 2021
Tags: Ajouter un tag
Pas de tags, Soyez le premier à ajouter un tag!

MARC

LEADER 00000nbm a2200000 4500
001 0278235
005 20220209124216.8
041 0 |a slo 
044 |a SK 
245 1 0 |a Dopad nových progresívnych technológií na podnikateľské modely v medzinárodnej logistike  |b bakalárska práca  |c Eduard Hromkovič ; školiteľ: Marek Minárik 
264 1 |a Bratislava  |c 2021 
300 |a 56 s. 
100 1 |a Hromkovič, Eduard 
700 1 |a Minárik, Marek 
710 2 |a Obchodná fakulta EU. Katedra medzinárodného obchodu